| 000 | 00465nab a2200145Ia 4500 | ||
|---|---|---|---|
| 003 | ES-SlBCS | ||
| 005 | 20210601124819.0 | ||
| 008 | 140529s2005 xxu||||| |||| 00| 0 eng d | ||
| 041 | _aeng | ||
| 100 | 1 |
_aCillers, Louise _9149652 |
|
| 245 | 0 | 0 |
_aVindicianus's Gynaecia: Text and Translation of Codex Monacensis _c Louise Cillers |
| 650 | 0 | 4 |
_aMedicina _914377 |
| 773 | 0 |
_tJournal of Medieval Latin, the _gvol. 15, nº. 15, 2005, págs. 153-236 _wRev1655 |
|
| 942 | _cAR | ||
| 999 |
_c519899 _d519899 |
||